000 00295 a2200109 4500
020 _a0836135946
050 _aBV639.P6
_bC27 1992
245 _aCaring for the least of these /
_cedited by David Caes
260 _aScottdale :
_bHerald Press ,
_cc1992.
300 _a176 p. ;
_c21 cm.
942 _2lcc
_cBK
_n0
999 _c495
_d495